000 00750nam a2200217Ia 4500
008 191130s2001##################000#0#eng##
020 _a9780761819790
022 _a2001027036
040 _aACL
_cACL
082 _a234.13109015 HOW
100 _aHoward, J. Keir
245 _aDisease and healing in the New Testament : an analysis and interpretation
_cJ. Keir Howard
260 _aLanham, MD
_bUniversity Press of America
_cc2001
300 _aix, 344 p. ; 22 cm
500 _aIncludes bibliographical references (p. [303]-333) and indexes
650 _aBible. N.T. - Criticism, interpretation, etc
650 _aSpiritual healing - Biblical teaching
990 _a9eb57064ac10000c1f7b33af4f7d0114
991 _a105667
999 _c151303
_d151303